Quan điểm về nhà nước của chủ nghĩa Marx - Lenin qua một số tác phẩm kinh điển /

Сохранить в:
Библиографические подробности
Главный автор: Trịnh Thì Hiền.
Другие авторы: Phạm Thị Kim Cương
Формат: Статья
Язык:Vietnamese
Предметы:
Метки: Добавить метку
Нет меток, Требуется 1-ая метка записи!
Thư viện lưu trữ: Thư viện Trường Đại học Đà Lạt
LEADER 00873nam a2200277 4500
001 DLU170179558
005 ##20170411
040 # # |a DLU  |b vie 
041 # # |a vie 
044 # # |a vn 
100 # # |a Trịnh Thì Hiền. 
245 # # |a Quan điểm về nhà nước của chủ nghĩa Marx - Lenin qua một số tác phẩm kinh điển /  |c Trịnh Thị Hiền, Phạm Thị Kim Cương 
653 # # |a Chủ nghĩa Marx - Lenin 
653 # # |a Lý luận 
653 # # |a Nhà nước 
700 # # |a Phạm Thị Kim Cương 
773 # # |t Nghiên cứu Châu Âu  |g Số 2(173), 2015, tr. 46-57 
920 # # |a Phòng Tạp chí -- Trung tâm Thông tin - Thư viện Trường Đại học Đà Lạt 
994 # # |a DLU 
900 # # |a True 
911 # # |a Nguyễn Thị Tưởng 
925 # # |a G 
926 # # |a A 
927 # # |a BB 
980 # # |a Thư viện Trường Đại học Đà Lạt